000 00347nam a2200145Ia 4500
008 230718s9999 xx 000 0 und d
041 _aEng.
082 _a320.4
_bSAR-C
100 _aSarwar Peop-D & Mulmamma
245 0 _aCom Resative Governments
260 _aPakistan
_bIlmi book house
_c2009
300 _a628
650 _aLaw
999 _c26408
_d26408